000 00685nam a2200241Ia 4500
003 OSt
005 20220918222303.0
006 a|||||r|||| 00| 0
007 ta
008 220917b |||||||| |||| 00| 0 eng d
024 _a216,348
037 _cTextual
040 _aARTS
_cARTS
_beng
041 _2eng
_aeng
082 _aY73:6.252, N8
100 _aKhare R. S.
_9132063
245 0 _aCultural diversity and social discontent
_b Anthropological studies on contemporary India
260 _aNew Delhi
_bSage publications
_c1998
300 _a282p
_ccm.
650 _aSOCIOLOGY
942 _hY73:6.252, N8
_cTEXL
_2CC
999 _c275090
_d275090